[Event "Cali Cuartas Memorial op"]
[Site "Cali"]
[Date "2017.11.28"]
[Round "10"]
[White "Cardoso Cardoso, Jose Gabriel"]
[Black "Oblitas Guerrero, Carlomagno"]
[Result "1/2-1/2"]
[WhiteElo "2280"]
[BlackElo "2423"]
[PlyCount "83"]
[EventDate "2017.11.22"]
[EventType "swiss"]
[EventRounds "10"]
[EventCountry "COL"]
[SourceTitle "EXT 2019"]
[Source "ChessBase"]
[SourceDate "2018.10.10"]
[SourceVersion "1"]
[SourceVersionDate "2018.10.10"]
[SourceQuality "1"]

1. Nf3 g6 2. c4 Bg7 3. d4 c5 4. d5 b5 5. cxb5 a6 6. b6 Nf6 7. Nc3 0-0 8. a4 Qxb6 9. a5 Qb7 10. e4 d6 11. Be2 Bg4 12. Nd2 Bxe2 13. Qxe2 Nbd7 14. Nc4 Ne8 15. 0-0 Nc7 16. Bg5 Rfe8 17. f4 Nb5 18. Na4 Nd4 19. Qd3 Qb3 20. Qxb3 Nxb3 21. Rad1 Rab8 22. Nab6 Rb7 23. Nxd7 Rxd7 24. e5 f6 25. Bh4 dxe5 26. fxe5 fxe5 27. Rfe1 Bf6 28. Bg3 Red8 29. Rd3 Nd4 30. Nb6 Rxd5 31. Nxd5 Rxd5 32. Kf1 Kf7 33. Rc3 Ke6 34. Rec1 Kd6 35. Ke1 e6 36. Rc4 Bd8 37. Kf2 Nb3 38. Re1 Bxa5 39. Re3 Rd2+ 40. Kf1 Rd1+ 41. Ke2 Rd2+ 42. Kf1 1/2-1/2

[Event "Cali Cuartas Memorial op"]
[Site "Cali"]
[Date "2017.11.27"]
[Round "9"]
[White "Garcia Pantoja, Roberto"]
[Black "Oblitas Guerrero, Carlomagno"]
[Result "1-0"]
[WhiteElo "2482"]
[BlackElo "2423"]
[PlyCount "120"]
[EventDate "2017.11.22"]
[EventType "swiss"]
[EventRounds "10"]
[EventCountry "COL"]
[SourceTitle "EXT 2019"]
[Source "ChessBase"]
[SourceDate "2018.10.10"]
[SourceVersion "1"]
[SourceVersionDate "2018.10.10"]
[SourceQuality "1"]

1. e4 e5 2. Nf3 Nf6 3. d4 Nxe4 4. Bd3 d5 5. Nxe5 Nd7 6. Nxd7 Bxd7 7. 0-0 Qh4 8. g3 Qh3 9. f3 Nf6 10. Re1+ Be6 11. Bf1 Qh5 12. Re5 g5 13. Rxg5 Qh6 14. Rg8 Rxg8 15. Bxh6 Bxh6 16. c3 0-0-0 17. Bd3 Bf4 18. Kf2 Bd6 19. Na3 a6 20. Qd2 h5 21. Qh6 Nd7 22. Re1 h4 23. f4 hxg3+ 24. hxg3 Rh8 25. Rxe6 Rxh6 26. Rxh6 Nb6 27. Bf5+ Kb8 28. Nb1 Nc4 29. b3 Na5 30. Nd2 Ba3 31. Rf6 Rf8 32. Nf3 Nc6 33. Ke2 Be7 34. Rh6 Rg8 35. g4 Bd6 36. Ne5 Ne7 37. Rf6 Rh8 38. Nxf7 Rh2+ 39. Kf3 Ba3 40. Rh6 Rxa2 41. Rh8+ Ka7 42. Bd3 Rb2 43. f5 Rxb3 44. f6 Rxc3 45. fxe7 Bxe7 46. Ke3 c5 47. dxc5 Bxc5+ 48. Ke2 Ra3 49. g5 Ra2+ 50. Kd1 Ra1+ 51. Kc2 Ra2+ 52. Kb3 Ra3+ 53. Kc2 Ra2+ 54. Kb1 Ra3 55. g6 Bd4 56. Rh3 b5 57. Nd8 Kb6 58. Ne6 Be5 59. Rh5 Bf6 60. Rf5 Bc3 1-0

[Event "Cali Cuartas Memorial op"]
[Site "Cali"]
[Date "2017.11.23"]
[Round "3"]
[White "Oblitas Guerrero, Carlomagno"]
[Black "Morales, Jhon Alexander"]
[Result "0-1"]
[WhiteElo "2423"]
[BlackElo "2387"]
[PlyCount "33"]
[EventDate "2017.11.22"]
[EventType "swiss"]
[EventRounds "10"]
[EventCountry "COL"]
[SourceTitle "EXT 2019"]
[Source "ChessBase"]
[SourceDate "2018.10.10"]
[SourceVersion "1"]
[SourceVersionDate "2018.10.10"]
[SourceQuality "1"]

1. d4 Nf6 2. Bf4 c5 3. e3 cxd4 4. exd4 d5 5. Bd3 Nc6 6. c3 Bg4 7. Qb3 Qc8 8. Nd2 e6 9. Ngf3 Be7 10. Ne5 Bh5 11. Nxc6 bxc6 12. Qa4 a5 13. Nb3 0-0 14. 0-0 Bg6 15. Be2 Bc2 16. c4 dxc4 17. Qxc4 0-1

[Event "Barcelona Sants op 19th"]
[Site "Barcelona"]
[Date "2017.08.25"]
[Round "8"]
[White "Wadsworth, Matthew J"]
[Black "Oblitas Guerrero, Carlomagno"]
[Result "1/2-1/2"]
[WhiteElo "2273"]
[BlackElo "2397"]
[PlyCount "153"]
[EventDate "2017.08.18"]
[EventType "swiss"]
[EventRounds "10"]
[EventCountry "ESP"]
[SourceTitle "CBM 180 Extra"]
[Source "ChessBase"]
[SourceDate "2017.10.06"]
[SourceVersion "1"]
[SourceVersionDate "2017.10.06"]
[SourceQuality "1"]

1. c4 e5 2. g3 Nf6 3. Bg2 d5 4. cxd5 Nxd5 5. Nc3 Nb6 6. Nf3 Nc6 7. 0-0 Be7 8. a3 0-0 9. b4 Re8 10. d3 Bf8 11. Rb1 Bg4 12. h3 Bh5 13. Nd2 Rb8 14. Nde4 Nd4 15. g4 Bg6 16. e3 Ne6 17. Bb2 c6 18. Ne2 f6 19. Qb3 Bf7 20. Qc2 Nd5 21. Bc3 Nxc3 22. Qxc3 Nc7 23. Rfd1 a5 24. Qb2 axb4 25. axb4 Qe7 26. N4c3 Ra8 27. d4 Bg6 28. Qb3+ Bf7 29. d5 Red8 30. e4 Ra6 31. b5 Ra3 32. Qb2 cxd5 33. exd5 Ne8 34. d6 Rxd6 35. Rxd6 Qxd6 36. Bxb7 Qd3 37. Bg2 Rb3 38. Qa1 Rxb1+ 39. Qxb1 Qxb1+ 40. Nxb1 Bc5 41. Nbc3 Bc4 42. Bd5+ Bxd5 43. Nxd5 Kf7 44. Kg2 Ke6 45. Ndc3 Nd6 46. Kg3 g6 47. f3 Bb6 48. h4 f5 49. h5 gxh5 50. gxf5+ Nxf5+ 51. Kh3 Nd4 52. f4 Nxe2 53. Nxe2 e4 54. Kh4 e3 55. Kxh5 Kf5 56. Kh4 Ke4 57. Kg3 h5 58. Ng1 Bd8 59. Ne2 Bc7 60. Kh4 Kf3 61. Nd4+ Kxf4 62. Kxh5 Bb6 63. Nc2 e2 64. Kh4 Bf2+ 65. Kh3 Kf3 66. Kh2 Bb6 67. Kh3 Ke4 68. Kg2 Kd3 69. Ne1+ Ke3 70. Nf3 Ba5 71. Kg3 Kd3 72. Kf2 Bb6+ 73. Kg2 Kc4 74. Ne1 Kc3 75. Kf3 Kd2 76. Ng2 Bd8 77. Ke4 1/2-1/2

[Event "Barcelona Sants op 19th"]
[Site "Barcelona"]
[Date "2017.08.24"]
[Round "7"]
[White "Oblitas Guerrero, Carlomagno"]
[Black "Vera Siguenas, Deivy Anthoni"]
[Result "0-1"]
[WhiteElo "2397"]
[BlackElo "2525"]
[PlyCount "86"]
[EventDate "2017.08.18"]
[EventType "swiss"]
[EventRounds "10"]
[EventCountry "ESP"]
[SourceTitle "CBM 180 Extra"]
[Source "ChessBase"]
[SourceDate "2017.10.06"]
[SourceVersion "1"]
[SourceVersionDate "2017.10.06"]
[SourceQuality "1"]

1. c4 Nf6 2. Nc3 g6 3. d4 Bg7 4. e4 d6 5. f4 0-0 6. Nf3 c5 7. d5 e6 8. dxe6 fxe6 9. Bd3 Nc6 10. 0-0 Nd4 11. Kh1 Nxf3 12. Qxf3 Qe7 13. Be3 Nd7 14. Qe2 b6 15. Rad1 Bb7 16. Bc2 Nf6 17. Qf3 Rad8 18. Qh3 Bc8 19. Bc1 a6 20. f5 Nd7 21. fxe6 Ne5 22. Nd5 Qxe6 23. Qxe6+ Bxe6 24. Nxb6 Ng4 25. Rde1 Rxf1+ 26. Rxf1 Rb8 27. Nd5 Bxb2 28. Bg5 h6 29. Bf4 Be5 30. h3 Bxf4 31. Rxf4 Ne5 32. Rf6 Bxd5 33. exd5 Rb6 34. Kh2 a5 35. Kg3 Kg7 36. Re6 Kf7 37. h4 Rb4 38. h5 gxh5 39. Rxd6 Rxc4 40. Bf5 h4+ 41. Kh3 Rf4 42. Bh7 Kg7 43. Bb1 Rf1 0-1

[Event "Barcelona Sants op 19th"]
[Site "Barcelona"]
[Date "2017.08.23"]
[Round "6"]
[White "Rodriguez Alvarez, Vidal Hely"]
[Black "Oblitas Guerrero, Carlomagno"]
[Result "0-1"]
[WhiteElo "2224"]
[BlackElo "2397"]
[PlyCount "94"]
[EventDate "2017.08.18"]
[EventType "swiss"]
[EventRounds "10"]
[EventCountry "ESP"]
[SourceTitle "CBM 180 Extra"]
[Source "ChessBase"]
[SourceDate "2017.10.06"]
[SourceVersion "1"]
[SourceVersionDate "2017.10.06"]
[SourceQuality "1"]

1. Nf3 Nf6 2. c4 c5 3. Nc3 Nc6 4. g3 g6 5. Bg2 Bg7 6. d4 cxd4 7. Nxd4 0-0 8. 0-0 Nxd4 9. Qxd4 d6 10. Qd3 a6 11. Bd2 Nd7 12. Qc2 Rb8 13. Rac1 Ne5 14. b3 Bd7 15. Rfd1 Bc6 16. Nd5 e6 17. Nf4 Bxg2 18. Kxg2 Qc7 19. Bb4 Rfd8 20. Qd2 Bf8 21. Kg1 Qc6 22. a4 h5 23. h4 Qe4 24. Qc2 Qxc2 25. Rxc2 Nc6 26. Ba3 Rbc8 27. Rcd2 Na5 28. Rd3 Rc6 29. Bb4 b6 30. e4 Nb7 31. e5 Nc5 32. Bxc5 bxc5 33. Ne2 Rb6 34. exd6 Rdxd6 35. Rxd6 Bxd6 36. Rd3 Kf8 37. Kg2 Ke8 38. f4 Bc7 39. Ng1 Ke7 40. Nf3 f6 41. Kf2 Rb7 42. Ke3 Ba5 43. Ng1 Rb8 44. Nf3 Bb4 45. Ke4 Ba3 46. Ng1 Bc1 47. Nf3 f5+ 0-1

[Event "Sant Adria de Besos op 1st"]
[Site "Sant Adria de Besos"]
[Date "2017.08.15"]
[Round "7"]
[White "Oblitas Guerrero, Carlomagno"]
[Black "Matta, Vinay Kumar"]
[Result "1-0"]
[WhiteElo "2397"]
[BlackElo "2293"]
[PlyCount "71"]
[EventDate "2017.08.11"]
[EventType "swiss"]
[EventRounds "9"]
[EventCountry "ESP"]
[SourceTitle "EXT 2019"]
[Source "ChessBase"]
[SourceDate "2018.10.10"]
[SourceVersion "1"]
[SourceVersionDate "2018.10.10"]
[SourceQuality "1"]

1. c4 c5 2. Nc3 Nc6 3. Nf3 g6 4. e3 Nf6 5. a3 Bg7 6. Rb1 d5 7. cxd5 Nxd5 8. Bc4 Nb6 9. Bb5 0-0 10. 0-0 Bf5 11. e4 Bg4 12. Bxc6 bxc6 13. d3 Qd6 14. h3 Bc8 15. e5 Bxe5 16. Ne4 Qd5 17. Nxe5 Qxe5 18. Qc2 Nd7 19. Bh6 Rd8 20. Rfe1 Qh5 21. Bg5 f6 22. Be3 Qd5 23. Rbd1 f5 24. Nc3 Qf7 25. Bg5 Re8 26. Na4 e5 27. Nxc5 Qd5 28. d4 e4 29. f3 Nxc5 30. dxc5 Qe5 31. Rd6 Be6 32. Rxc6 Bf7 33. fxe4 fxe4 34. Bf6 Qg3 35. Qf2 Qb3 36. Bc3 1-0

[Event "Sitges op 43rd"]
[Site "Sitges"]
[Date "2017.07.29"]
[Round "9"]
[White "Cori, Jorge Moise"]
[Black "Oblitas Guerrero, Carlomagno"]
[Result "1-0"]
[WhiteElo "2636"]
[BlackElo "2395"]
[PlyCount "79"]
[EventDate "2017.07.22"]
[EventType "swiss"]
[EventRounds "9"]
[EventCountry "ESP"]
[SourceTitle "CBM 179 Extra"]
[Source "ChessBase"]
[SourceDate "2017.08.23"]
[SourceVersion "1"]
[SourceVersionDate "2017.08.23"]
[SourceQuality "1"]

1. d4 d5 2. c4 c6 3. Nf3 e6 4. Nc3 f5 5. Bf4 Nf6 6. e3 Bd6 7. Bd3 0-0 8. 0-0 Ne4 9. Rc1 Qe7 10. Bxd6 Qxd6 11. Ne5 Nd7 12. f4 Qb4 13. Qc2 Nxe5 14. fxe5 Bd7 15. a3 Qa5 16. Nxe4 fxe4 17. Be2 Rxf1+ 18. Rxf1 Rf8 19. Rxf8+ Kxf8 20. Kf2 Qd8 21. cxd5 Qh4+ 22. Kf1 Qxh2 23. Qc5+ Ke8 24. Qxa7 Qh1+ 25. Kf2 Qh4+ 26. g3 Qh2+ 27. Ke1 Qxg3+ 28. Kd2 cxd5 29. Qb8+ Ke7 30. Qxb7 Qf2 31. a4 g5 32. a5 g4 33. a6 g3 34. a7 g2 35. a8Q g1Q 36. Qb4+ Kf7 37. Qbf8+ Kg6 38. Qg8+ Kh6 39. Qxg1 Qxg1 40. Qd8 1-0

[Event "Sitges op 43rd"]
[Site "Sitges"]
[Date "2017.07.23"]
[Round "2"]
[White "Doshi, Moksh Amitbhai"]
[Black "Oblitas Guerrero, Carlomagno"]
[Result "1/2-1/2"]
[WhiteElo "2154"]
[BlackElo "2395"]
[PlyCount "121"]
[EventDate "2017.07.22"]
[EventType "swiss"]
[EventRounds "9"]
[EventCountry "ESP"]
[SourceTitle "CBM 179 Extra"]
[Source "ChessBase"]
[SourceDate "2017.08.23"]
[SourceVersion "1"]
[SourceVersionDate "2017.08.23"]
[SourceQuality "1"]

1. e4 c5 2. Nf3 Nc6 3. Nc3 d6 4. d4 cxd4 5. Nxd4 Nf6 6. Bg5 h6 7. Bxf6 gxf6 8. Qd2 h5 9. f4 Bg4 10. Bb5 Rc8 11. Be2 Nxd4 12. Qxd4 Bxe2 13. Nxe2 Rg8 14. 0-0 Qd7 15. c3 f5 16. exf5 Qb5 17. Rfe1 Qxf5 18. Qxa7 Qb5 19. a4 Qc6 20. Qf2 Bg7 21. Ng3 h4 22. Ne4 h3 23. g3 d5 24. Ng5 d4 25. Qe2 e6 26. Nxh3 dxc3 27. Rac1 c2 28. f5 Qc5+ 29. Nf2 Qxf5 30. Ne4 Bd4+ 31. Kg2 Qd5 32. Qf3 Ke7 33. Re2 f5 34. Nd2 Rgd8 35. Qxd5 Rxd5 36. Nf3 Bxb2 37. Rcxc2 Rxc2 38. Rxc2 Bf6 39. Rc7+ Rd7 40. Rc5 Kd8 41. h3 Rc7 42. Rb5 Rc2+ 43. Kf1 Kc7 44. g4 fxg4 45. hxg4 Rb2 46. Rxb2 Bxb2 47. Ke2 Kc6 48. Kd3 Kd5 49. Nd2 Bg7 50. Ne4 Ke5 51. Nc5 b6 52. Nd7+ Kf4 53. Nxb6 Be5 54. a5 Bb8 55. Kc4 e5 56. Kd5 e4 57. Kc6 Kxg4 58. Nc4 Ba7 59. Kb7 Bd4 60. a6 e3 61. Nxe3+ 1/2-1/2

[Event "Barcelona Sant Marti op-A 19th"]
[Site "Barcelona"]
[Date "2017.07.18"]
[Round "6"]
[White "Akash Pc, Iyer"]
[Black "Oblitas Guerrero, Carlomagno"]
[Result "0-1"]
[WhiteElo "2300"]
[BlackElo "2395"]
[PlyCount "52"]
[EventDate "2017.07.13"]
[EventType "swiss"]
[EventRounds "9"]
[EventCountry "ESP"]
[SourceTitle "EXT 2018"]
[Source "ChessBase"]
[SourceDate "2017.10.13"]
[SourceVersion "1"]
[SourceVersionDate "2017.10.13"]
[SourceQuality "1"]

1. d4 Nf6 2. c4 g6 3. f3 c6 4. e4 d5 5. e5 Nfd7 6. Nc3 dxc4 7. Bxc4 Nb6 8. Bb3 Na6 9. Nge2 Bg7 10. Be3 Nc7 11. Qd2 Be6 12. Bh6 Bxh6 13. Qxh6 Bxb3 14. axb3 Ne6 15. 0-0 Nxd4 16. Qg7 Rf8 17. Rfd1 Nxe2+ 18. Nxe2 Nd5 19. e6 Qb6+ 20. Kh1 Qf2 21. exf7+ Rxf7 22. Qe5 Ne3 23. Rg1 Rxf3 24. Nd4 Ng4 25. Qe6 Qh4 26. Qg8+ Rf8 0-1

[Event "Barcelona Sant Marti op-A 19th"]
[Site "Barcelona"]
[Date "2017.07.17"]
[Round "5"]
[White "Oblitas Guerrero, Carlomagno"]
[Black "Doshi, Moksh Amitbhai"]
[Result "1/2-1/2"]
[WhiteElo "2395"]
[BlackElo "2154"]
[PlyCount "143"]
[EventDate "2017.07.13"]
[EventType "swiss"]
[EventRounds "9"]
[EventCountry "ESP"]
[SourceTitle "EXT 2018"]
[Source "ChessBase"]
[SourceDate "2017.10.13"]
[SourceVersion "1"]
[SourceVersionDate "2017.10.13"]
[SourceQuality "1"]

1. e4 c5 2. Nf3 d6 3. c3 Nf6 4. Be2 g6 5. 0-0 Bg7 6. Re1 0-0 7. Bf1 Nc6 8. h3 e5 9. d4 cxd4 10. cxd4 exd4 11. Nxd4 Nxd4 12. Qxd4 Re8 13. Bg5 h6 14. Bxf6 Bxf6 15. Qd2 d5 16. Nc3 dxe4 17. Nxe4 Qxd2 18. Nxd2 Be6 19. Bc4 Bxb2 20. Rab1 Bc3 21. Bxe6 Bxd2 22. Red1 Rxe6 23. Rxd2 Re7 24. Rb3 Rc8 25. Ra3 a6 26. g3 Rc6 27. Kg2 Kg7 28. Rad3 a5 29. Rd5 b6 30. g4 Rec7 31. a4 Rc4 32. Rb5 R7c6 33. Rdb2 Rxa4 34. Rxb6 Rxb6 35. Rxb6 g5 36. Ra6 Ra3 37. Kh2 a4 38. Kg2 Ra1 39. Kg3 a3 40. Kg2 f6 41. Ra7+ Kg8 42. Kf3 Kf8 43. Ke4 Ra2 44. Kf3 Ke8 45. Kg2 Kd8 46. Kf3 Kc8 47. Ke4 Re2+ 48. Kf3 Ra2 49. Ke4 Kb8 50. Ra4 Kb7 51. f3 Kb6 52. Kf5 Kb5 53. Ra8 Kb4 54. Rb8+ Kc3 55. Ra8 Kb3 56. Rb8+ Kc2 57. Ra8 Ra1 58. Kxf6 Kb2 59. Kg6 Rf1 60. Kxh6 Rxf3 61. Kxg5 Rxh3 62. Kf5 a2 63. Rxa2+ Kxa2 64. g5 Kb3 65. g6 Kc4 66. g7 Rg3 67. Kf6 Kd5 68. Kf7 Rf3+ 69. Ke7 Rg3 70. Kf7 Ke5 71. g8R Rxg8 72. Kxg8 1/2-1/2

[Event "Piura op 10th"]
[Site "Piura"]
[Date "2016.10.16"]
[Round "7"]
[White "Cori Tello, Deysi Estella"]
[Black "Oblitas Guerrero, Carlomagno"]
[Result "1-0"]
[WhiteElo "2399"]
[BlackElo "2394"]
[PlyCount "61"]
[EventDate "2016.10.14"]
[EventType "swiss"]
[EventRounds "7"]
[EventCountry "PER"]
[SourceTitle "EXT 2018"]
[Source "ChessBase"]
[SourceDate "2017.10.13"]
[SourceVersion "1"]
[SourceVersionDate "2017.10.13"]
[SourceQuality "1"]

1. d4 d5 2. Nf3 Nf6 3. c4 c6 4. Nc3 dxc4 5. a4 Na6 6. e4 Bg4 7. Bxc4 e6 8. Be3 Nb4 9. 0-0 Be7 10. h3 Bh5 11. g4 Bg6 12. Nd2 h5 13. g5 Nd7 14. f4 h4 15. Qb3 Nb6 16. a5 N6d5 17. Bxd5 exd5 18. Ra4 b5 19. Rxb4 Qxa5 20. Na2 Bxe4 21. Nxe4 dxe4 22. d5 Bxb4 23. Nxb4 0-0 24. Nxc6 Qc7 25. Qxb5 Qd7 26. f5 Rfb8 27. Qc5 Rxb2 28. Ne7+ Kf8 29. f6 gxf6 30. Nf5+ Kg8 31. Qc3 1-0

[Event "Latin Cup 5th"]
[Site "Duran"]
[Date "2014.12.30"]
[Round "7"]
[White "Cu Hor, Winston Darwin"]
[Black "Oblitas Guerrero, Carlomagno"]
[Result "1/2-1/2"]
[WhiteElo "2286"]
[BlackElo "2422"]
[PlyCount "32"]
[EventDate "2014.12.26"]
[EventType "swiss"]
[EventRounds "9"]
[EventCountry "ECU"]
[SourceTitle "CBM 164 Extra"]
[Source "ChessBase"]
[SourceDate "2015.03.02"]
[SourceVersion "1"]
[SourceVersionDate "2015.03.02"]
[SourceQuality "1"]

1. Nf3 Nf6 2. c4 c6 3. d4 d5 4. cxd5 cxd5 5. Nc3 Nc6 6. Bf4 a6 7. e3 Bg4 8. Be2 e6 9. 0-0 Be7 10. Rc1 0-0 11. h3 Bh5 12. Na4 Ne4 13. a3 Rc8 14. b4 b5 15. Nc5 Nxc5 16. dxc5 f6 1/2-1/2

[Event "Limon op"]
[Site "Limon"]
[Date "2014.11.29"]
[Round "5"]
[White "Vigoa Apecheche, Yanira"]
[Black "Oblitas Guerrero, Carlomagno"]
[Result "1-0"]
[WhiteElo "2306"]
[BlackElo "2422"]
[PlyCount "61"]
[EventDate "2014.11.27"]
[EventType "swiss"]
[EventRounds "7"]
[EventCountry "ECU"]
[SourceTitle "CBM 163 Extra"]
[Source "ChessBase"]
[SourceDate "2014.12.23"]
[SourceVersion "1"]
[SourceVersionDate "2014.12.23"]
[SourceQuality "1"]

1. d4 d5 2. Nf3 c6 3. c4 Nf6 4. e3 Bf5 5. cxd5 cxd5 6. Nc3 e6 7. Ne5 Nfd7 8. f4 Nxe5 9. fxe5 Nc6 10. Bb5 Be7 11. 0-0 0-0 12. Rxf5 exf5 13. Qf3 g6 14. Nxd5 Nb4 15. Nxe7+ Qxe7 16. Bd2 Rac8 17. a3 Na6 18. Bxa6 bxa6 19. Bb4 Qe6 20. Bxf8 Kxf8 21. Rf1 Rc2 22. e4 fxe4 23. Qxe4 Rd2 24. h3 Qb6 25. Rxf7+ Kxf7 26. Qf4+ Ke6 27. Qxd2 a5 28. Kf2 h5 29. Ke3 Kd5 30. b4 axb4 31. Qxb4 1-0

[Event "Sullana Binacional op"]
[Site "Sullana"]
[Date "2012.05.05"]
[Round "5"]
[White "Fernandez, Fernando"]
[Black "Oblitas Guerrero, Carlomagno"]
[Result "1/2-1/2"]
[WhiteElo "2331"]
[BlackElo "2429"]
[PlyCount "46"]
[EventDate "2012.05.04"]
[EventType "swiss"]
[EventRounds "7"]
[EventCountry "PER"]
[SourceTitle "EXT 2013"]
[Source "ChessBase"]
[SourceDate "2012.11.22"]
[SourceVersion "1"]
[SourceVersionDate "2012.11.22"]
[SourceQuality "1"]

1. Nf3 d5 2. d4 Nf6 3. c4 dxc4 4. Qa4+ c6 5. Qxc4 Bf5 6. g3 e6 7. Bg2 Nbd7 8. 0-0 Be7 9. Nc3 0-0 10. e3 h6 11. Rd1 Rc8 12. Qe2 Ne4 13. Nxe4 Bxe4 14. b3 Nf6 15. Bb2 Qa5 16. Ne5 Bxg2 17. Kxg2 Rcd8 18. e4 Nd7 19. Nc4 Qb5 20. a4 Qa6 21. Qc2 Nb6 22. Ne5 Nd7 23. Nc4 Nb6 1/2-1/2

[Event "Lima olm qual"]
[Site "Lima"]
[Date "2006.04.05"]
[Round "9"]
[White "Oblitas Guerrero, Carlomagno"]
[Black "Ramos, Ernesto"]
[Result "1/2-1/2"]
[WhiteElo "2398"]
[BlackElo "2274"]
[PlyCount "77"]
[EventDate "2006.04.01"]
[EventType "tourn"]
[EventRounds "9"]
[EventCountry "PER"]
[EventCategory "2"]
[SourceTitle "CBM 111 Extra"]
[Source "ChessBase"]
[SourceDate "2006.05.09"]
[SourceVersion "1"]
[SourceVersionDate "2006.05.09"]
[SourceQuality "1"]

1. e4 e5 2. Bc4 Bc5 3. Nc3 Nc6 4. Qg4 Kf8 5. Qf3 Nf6 6. Nge2 d6 7. d3 h6 8. h3 a6 9. Nd5 b5 10. Bb3 Be6 11. Nxf6 gxf6 12. c3 Ke7 13. Be3 Qd7 14. Bd5 Rag8 15. Ng3 Nd8 16. b4 Bb6 17. Bxb6 cxb6 18. Nf5+ Kf8 19. g4 h5 20. Kd2 Nc6 21. Ne3 hxg4 22. hxg4 Kg7 23. Nf5+ Bxf5 24. Qxf5 Qxf5 25. gxf5 Rxh1 26. Rxh1 Nd8 27. Rg1+ Kf8 28. Rxg8+ Kxg8 29. Ke3 Kf8 30. Kf3 Kg7 31. Kg4 Kh6 32. Kh4 Kh7 33. Kh5 Kg7 34. Ba8 Kh7 35. Bd5 Kg7 36. Ba8 Kh7 37. Bd5 Kg7 38. Ba8 Kh7 39. Bd5 1/2-1/2

[Event "Lima olm qual"]
[Site "Lima"]
[Date "2006.04.04"]
[Round "7"]
[White "Cruz, Jonathan"]
[Black "Oblitas Guerrero, Carlomagno"]
[Result "0-1"]
[WhiteElo "2187"]
[BlackElo "2398"]
[PlyCount "128"]
[EventDate "2006.04.01"]
[EventType "tourn"]
[EventRounds "9"]
[EventCountry "PER"]
[EventCategory "2"]
[SourceTitle "CBM 111 Extra"]
[Source "ChessBase"]
[SourceDate "2006.05.09"]
[SourceVersion "1"]
[SourceVersionDate "2006.05.09"]
[SourceQuality "1"]

1. d4 d6 2. c4 e5 3. dxe5 dxe5 4. Qxd8+ Kxd8 5. Nf3 f6 6. Nc3 Be6 7. e3 c6 8. Bd2 Nd7 9. 0-0-0 Kc7 10. Rg1 Nh6 11. h3 Nf7 12. g4 Be7 13. Ne4 a5 14. Kb1 Nc5 15. Nxc5 Bxc5 16. Bc3 Bb4 17. Bxb4 axb4 18. Bd3 Nd6 19. b3 c5 20. Nd2 Rad8 21. Ne4 Nxe4 22. Bxe4 g6 23. Kc1 Rxd1+ 24. Kxd1 g5 25. Rg3 h5 26. Ke1 hxg4 27. hxg4 b6 28. Rg1 Rh4 29. Bf3 Bd7 30. Ke2 b5 31. cxb5 Bxb5+ 32. Kd2 Rh2 33. Ke1 Kb6 34. Be2 Bc6 35. Rf1 Bg2 36. Rg1 Be4 37. Bc4 Bf3 38. Be2 Bd5 39. Rf1 Rh8 40. f4 exf4 41. exf4 Rh1 42. fxg5 Rxf1+ 43. Bxf1 fxg5 44. Kd2 Kc7 45. Ke3 Kd6 46. Be2 Ke5 47. Bd3 Be6 48. Be2 Bc8 49. Bd1 Ba6 50. Bc2 Bb5 51. Bd1 c4 52. Bc2 c3 53. Bf5 Ba6 54. Bc2 Bc8 55. Bd1 Be6 56. Be2 c2 57. Kd2 Kf4 58. Kxc2 Bxg4 59. Bc4 Bf5+ 60. Kd2 g4 61. Be2 g3 62. Bf1 Kf3 63. Ke1 Bb1 64. Kd2 Kf2 0-1